| 000 | 00637cam a22002173a 4500 | ||
|---|---|---|---|
| 001 | 43919 | ||
| 003 | PGUSA | ||
| 005 | 20140828084012.0 | ||
| 008 | 131009s2013||||xxu|||||s|||||000 | eng d | ||
| 040 |
_aPGUSA _beng |
||
| 042 | _adc | ||
| 245 | 1 | 0 |
_aAli Baba en de veertig roovers : _bVerhaal uit de Duizend en een Nacht _h[electronic resource] / _cAnonymous |
| 260 |
_bProject Gutenberg, _c2013 |
||
| 506 | _aPublic domain in the USA. | ||
| 516 | _aElectronic text | ||
| 700 | 1 | _aFell, H. Granville | |
| 700 | 1 | _aGerhard, J.W. | |
| 830 | 0 |
_aProject Gutenberg _v43919 |
|
| 856 | 4 | 0 | _uhttp://www.gutenberg.org/ebooks/43919 |
| 942 | _cEB | ||
| 999 |
_c273170 _d273170 |
||